[Event "Montreal Mercredi 04"]
[Site "Montreal CAN"]
[Date "2011.04.06"]
[Round "2"]
[White "Gauthier, Denis"]
[Black "Plante, Michel"]
[Result "1-0"]
[WhiteElo "2076"]
[BlackElo "2094"]
[PlyCount "70"]
[GameId "2160767909778938"]
[EventDate "2011.04.06"]
[EventType "tourn"]
[EventRounds "5"]
[EventCountry "CAN"]
[SourceTitle "EXT 2013"]
[Source "ChessBase"]
[SourceDate "2012.11.22"]
[SourceVersion "1"]
[SourceVersionDate "2012.11.22"]
[SourceQuality "1"]

1. d4 d6 2. c4 e5 3. Nf3 e4 4. Ng5 f5 5. h4 h6 6. Nh3 Qxh4 7. Bf4 g5 8. Bg3 Qh5 9. Rh2 Qg4 10. Qa4+ Bd7 11. Qc2 Nf6 12. e3 Qh5 13. Nc3 Bg7 14. Qb3 Bc8 15. c5 c6 16. cxd6 Qf7 17. Bc4 Qd7 18. O-O-O b5 19. Nxb5 cxb5 20. Bxb5 Nc6 21. d5 Bb7 22. Kb1 Rc8 23. Rc1 Nxd5 24. Qxd5 Rf8 25. Rhh1 Rf6 26. Be5 Rf7 27. Bxg7 Rxg7 28. Rhd1 Kf8 29. Rc3 Rg6 30. Ng1 Kg7 31. Ne2 Qe6 32. Qc5 Ne7 33. Qd4+ Qf6 34. Qxf6+ Kxf6 35. dxe7 Kxe7 1-0

[Event "Montreal Mercredi 04"]
[Site "Montreal CAN"]
[Date "2011.04.06"]
[Round "2"]
[White "Millette, Sylvain"]
[Black "He, Shao Hang"]
[Result "1-0"]
[WhiteElo "1562"]
[BlackElo "1603"]
[PlyCount "67"]
[GameId "2160767909778939"]
[EventDate "2011.04.06"]
[EventType "tourn"]
[EventRounds "5"]
[EventCountry "CAN"]
[SourceTitle "EXT 2013"]
[Source "ChessBase"]
[SourceDate "2012.11.22"]
[SourceVersion "1"]
[SourceVersionDate "2012.11.22"]
[SourceQuality "1"]

1. Nf3 d5 2. c4 c6 3. b3 Nf6 4. Bb2 Bf5 5. g3 Nbd7 6. Bg2 Qc7 7. O-O e6 8. d3 h6 9. Nbd2 Bd6 10. Qe1 O-O 11. e4 Bh7 12. e5 Bxd3 13. exd6 Qxd6 14. Ne5 Bxf1 15. Kxf1 Rfd8 16. cxd5 Nxd5 17. Ndc4 Qc7 18. Ba3 N7f6 19. Bb2 Rac8 20. Bh3 c5 21. Nxf7 Kxf7 22. Qxe6+ Kf8 23. Ne5 Qxe5 24. Qxe5 Rc7 25. Re1 Re7 26. Qf5 Rde8 27. Rxe7 Rxe7 28. Bxf6 Nxf6 29. Qc8+ Kf7 30. Qxc5 b6 31. Qc4+ Kf8 32. Bf5 Ne8 33. Bg6 Rc7 34. Qf4+ 1-0

[Event "Montreal Mercredi 04"]
[Site "Montreal CAN"]
[Date "2011.04.06"]
[Round "2"]
[White "Morin, Louis"]
[Black "Lalonde, Paul"]
[Result "0-1"]
[WhiteElo "1886"]
[BlackElo "1910"]
[PlyCount "44"]
[GameId "2160767909778940"]
[EventDate "2011.04.06"]
[EventType "tourn"]
[EventRounds "5"]
[EventCountry "CAN"]
[SourceTitle "EXT 2013"]
[Source "ChessBase"]
[SourceDate "2012.11.22"]
[SourceVersion "1"]
[SourceVersionDate "2012.11.22"]
[SourceQuality "1"]

1. e4 e5 2. Nf3 Nc6 3. Bb5 a6 4. Bxc6 dxc6 5. O-O Bg4 6. h3 h5 7. d3 Bc5 8. Re1 Qe7 9. Be3 Bxe3 10. Rxe3 Bxf3 11. Rxf3 O-O-O 12. Nd2 g5 13. Nf1 g4 14. hxg4 hxg4 15. Rg3 Nh6 16. Ne3 Rdg8 17. Nxg4 Qh4 18. Nxh6 Rxg3 19. fxg3 Qxh6 20. Qg4+ Kb8 21. Re1 Qd6 22. Qg7 Qc5+ 0-1

[Event "Montreal Mercredi 04"]
[Site "Montreal CAN"]
[Date "2011.04.06"]
[Round "2"]
[White "Rondon, Luciano"]
[Black "Lopez Linares, Lizandro"]
[Result "1/2-1/2"]
[WhiteElo "1869"]
[BlackElo "1892"]
[PlyCount "66"]
[GameId "2160767909778941"]
[EventDate "2011.04.06"]
[EventType "tourn"]
[EventRounds "5"]
[EventCountry "CAN"]
[SourceTitle "EXT 2013"]
[Source "ChessBase"]
[SourceDate "2012.11.22"]
[SourceVersion "1"]
[SourceVersionDate "2012.11.22"]
[SourceQuality "1"]

1. d4 Nf6 2. c4 c5 3. d5 e6 4. Nc3 exd5 5. cxd5 d6 6. e4 g6 7. Bb5+ Nfd7 8. Bf4 a6 9. Bxd7+ Nxd7 10. Nf3 f6 11. a4 Ne5 12. Nxe5 fxe5 13. Be3 Bg7 14. O-O O-O 15. Qd2 Qh4 16. Bg5 Qh5 17. a5 Rf4 18. Bxf4 exf4 19. Ne2 f3 20. Ng3 Qh4 21. gxf3 Bh6 22. Qd3 Bf4 23. e5 dxe5 24. Qb3 Qh3 25. d6+ Be6 26. Qxb7 Rf8 27. d7 Bxd7 28. Rfd1 Bb5 29. Qe4 Kg7 30. Rd6 Kh6 31. Rb6 Bd7 32. Rxa6 Bf5 33. Qb7 Be6 1/2-1/2

[Event "Montreal Mercredi 04"]
[Site "Montreal CAN"]
[Date "2011.04.06"]
[Round "2"]
[White "Sasseville, Jean"]
[Black "Dumont, Felix"]
[Result "1-0"]
[WhiteElo "1967"]
[BlackElo "1996"]
[PlyCount "137"]
[GameId "2160767909778942"]
[EventDate "2011.04.06"]
[EventType "tourn"]
[EventRounds "5"]
[EventCountry "CAN"]
[SourceTitle "EXT 2013"]
[Source "ChessBase"]
[SourceDate "2012.11.22"]
[SourceVersion "1"]
[SourceVersionDate "2012.11.22"]
[SourceQuality "1"]

1. Nf3 c5 2. c4 Nc6 3. d4 cxd4 4. Nxd4 e5 5. Nb5 d6 6. N1c3 Nf6 7. g3 Be6 8. Nd5 Bxd5 9. cxd5 Qa5+ 10. Nc3 Nd4 11. Bg2 Be7 12. O-O O-O 13. Bd2 Rfc8 14. Rc1 Qa6 15. e3 Rxc3 16. exd4 Rxc1 17. Bxc1 Qxa2 18. Re1 e4 19. f3 e3 20. Rxe3 Nxd5 21. Ra3 Qc4 22. f4 Bf6 23. Ra4 Qb5 24. Bd2 Nb6 25. Rb4 Qd3 26. Qe1 Bxd4+ 27. Kh1 d5 28. Bf1 Qf3+ 29. Bg2 Qf2 30. Rb5 Qxe1+ 31. Bxe1 a6 32. Rb3 Re8 33. Bb4 Re3 34. Rxe3 Bxe3 35. b3 g6 36. Ba5 Nd7 37. Bxd5 b6 38. Bc3 Kf8 39. Kg2 Ke7 40. Kf3 Bg1 41. h3 f6 42. g4 h6 43. Bb7 a5 44. Bc6 Nc5 45. b4 axb4 46. Bxb4 Kd6 47. Be8 g5 48. fxg5 hxg5 49. Bc3 Ke6 50. Bb5 Bh2 51. Bc4+ Ke7 52. Bd4 Nd7 53. Bb5 Be5 54. Be3 Bc7 55. Bd4 Ne5+ 56. Ke4 Ng6 57. Kf5 Nh4+ 58. Ke4 Ng6 59. Kf5 Nh4+ 60. Ke4 Bd8 61. Bf2 Ng2 62. Bf1 Nf4 63. h4 Ne6 64. h5 Kf7 65. Bc4 Ke7 66. Kf5 Ng7+ 67. Kg6 Kf8 68. h6 Ne8 69. h7 1-0

[Event "Montreal Mercredi 04"]
[Site "Montreal CAN"]
[Date "2011.04.06"]
[Round "3"]
[White "Deshetres, Michel"]
[Black "Millette, Sylvain"]
[Result "1/2-1/2"]
[WhiteElo "1696"]
[BlackElo "1562"]
[PlyCount "54"]
[GameId "2160767909778944"]
[EventDate "2011.04.06"]
[EventType "tourn"]
[EventRounds "5"]
[EventCountry "CAN"]
[SourceTitle "EXT 2013"]
[Source "ChessBase"]
[SourceDate "2012.11.22"]
[SourceVersion "1"]
[SourceVersionDate "2012.11.22"]
[SourceQuality "1"]

1. e4 Nf6 2. e5 Nd5 3. d4 d6 4. Nf3 Bg4 5. Be2 Nc6 6. O-O e6 7. c4 Nb6 8. exd6 cxd6 9. d5 exd5 10. cxd5 Bxf3 11. Bxf3 Ne5 12. Re1 Be7 13. Be4 O-O 14. f4 f5 15. fxe5 fxe4 16. e6 Nc4 17. Rxe4 Qb6+ 18. Qd4 Qb4 19. Qxc4 Rac8 20. Nc3 Qxc4 21. Rxc4 Rxc4 22. Be3 a6 23. Re1 Bf6 24. Bf2 Rf4 25. Be3 Rf5 26. Rd1 Rc8 27. Ne4 Be7 1/2-1/2

[Event "Montreal Mercredi 04"]
[Site "Montreal CAN"]
[Date "2011.04.06"]
[Round "3"]
[White "He, Shao Hang"]
[Black "Frangulian, Eric"]
[Result "0-1"]
[WhiteElo "1603"]
[BlackElo "1648"]
[PlyCount "92"]
[GameId "2160767909778946"]
[EventDate "2011.04.06"]
[EventType "tourn"]
[EventRounds "5"]
[EventCountry "CAN"]
[SourceTitle "EXT 2013"]
[Source "ChessBase"]
[SourceDate "2012.11.22"]
[SourceVersion "1"]
[SourceVersionDate "2012.11.22"]
[SourceQuality "1"]

1. d4 Nf6 2. c4 g6 3. Nc3 Bg7 4. e4 d6 5. f4 O-O 6. Nf3 Re8 7. e5 dxe5 8. fxe5 Nh5 9. Be2 Bh8 10. O-O f5 11. Bg5 Nc6 12. a3 Qd7 13. b4 a6 14. Rb1 Rd8 15. Nd5 b5 16. cxb5 axb5 17. Bxb5 Qxd5 18. Qd3 Be6 19. Bxc6 Qxc6 20. Bxe7 Rd7 21. Bc5 Qa6 22. Qxa6 Rxa6 23. Ra1 h6 24. a4 Nf4 25. b5 Ra8 26. a5 Bg7 27. a6 Nd5 28. Rfb1 Nb6 29. Rc1 Bd5 30. Rc3 Kf7 31. Bxb6 cxb6 32. Rac1 Bf8 33. Rc7 Rxc7 34. Rxc7+ Ke6 35. Kf2 Be7 36. Ke3 g5 37. g3 f4+ 38. gxf4 gxf4+ 39. Kxf4 Rf8+ 40. Kg4 Bxf3+ 41. Kg3 h5 42. Rc3 h4+ 43. Kf2 Bc6+ 44. Ke2 Bxb5+ 45. Ke3 Kd5 46. a7 Bg5# 0-1

[Event "Montreal Mercredi 04"]
[Site "Montreal CAN"]
[Date "2011.04.06"]
[Round "3"]
[White "Khudaverdian, Berj"]
[Black "Brassard, Sylvain"]
[Result "0-1"]
[WhiteElo "1827"]
[BlackElo "1867"]
[PlyCount "110"]
[GameId "2160767909778947"]
[EventDate "2011.04.06"]
[EventType "tourn"]
[EventRounds "5"]
[EventCountry "CAN"]
[SourceTitle "EXT 2013"]
[Source "ChessBase"]
[SourceDate "2012.11.22"]
[SourceVersion "1"]
[SourceVersionDate "2012.11.22"]
[SourceQuality "1"]

1. Nf3 d5 2. d4 Nf6 3. g3 Bf5 4. Bg2 e6 5. O-O Nbd7 6. Nh4 Bg4 7. c4 c6 8. c5 b5 9. a3 a5 10. b3 Be7 11. Nf3 Ne4 12. Bb2 O-O 13. b4 axb4 14. axb4 Rxa1 15. Bxa1 Bf5 16. Nbd2 Ndf6 17. Ne5 Qc7 18. Nb3 Nd7 19. f3 Nef6 20. Re1 Ra8 21. Na5 Nxe5 22. dxe5 Nd7 23. Nb3 Nxe5 24. e4 dxe4 25. fxe4 Rd8 26. Qh5 Nd3 27. exf5 Nxe1 28. Qg4 g6 29. fxe6 Nxg2 30. exf7+ Kxf7 31. Kxg2 Qd7 32. Qf3+ Qf5 33. Nd4 Qxf3+ 34. Kxf3 Rc8 35. Ne2 Bf6 36. Bxf6 Kxf6 37. Ke3 Ke5 38. h4 Kd5 39. Kd3 Rf8 40. Nf4+ Rxf4 41. gxf4 h5 42. Ke3 Kc4 43. Ke4 Kxb4 44. Kd4 Ka3 45. Ke5 b4 46. Kd6 b3 47. Kxc6 b2 48. Kc7 b1=Q 49. c6 Qd3 50. Kc8 Qf5+ 51. Kb7 Qb5+ 52. Kc7 Kb4 53. f5 gxf5 54. Kd6 Qc5+ 55. Kd7 Qd5+ 0-1

[Event "Montreal Mercredi 04"]
[Site "Montreal CAN"]
[Date "2011.04.06"]
[Round "3"]
[White "Levkovsky, Alexandre"]
[Black "Gauthier, Denis"]
[Result "0-1"]
[WhiteElo "2253"]
[BlackElo "2076"]
[PlyCount "108"]
[GameId "2160767909778948"]
[EventDate "2011.04.06"]
[EventType "tourn"]
[EventRounds "5"]
[EventCountry "CAN"]
[SourceTitle "EXT 2013"]
[Source "ChessBase"]
[SourceDate "2012.11.22"]
[SourceVersion "1"]
[SourceVersionDate "2012.11.22"]
[SourceQuality "1"]

1. e4 c6 2. d4 d5 3. exd5 cxd5 4. Bd3 Nf6 5. h3 Nc6 6. c3 e6 7. Bf4 Bd6 8. Bxd6 Qxd6 9. Nf3 O-O 10. Qe2 Nd7 11. Na3 e5 12. Nb5 Qb8 13. dxe5 Ndxe5 14. Nxe5 Nxe5 15. O-O-O Bd7 16. Nd4 Qd6 17. Kb1 Rfe8 18. Bc2 Nc4 19. Qd3 g6 20. Nf3 Qb6 21. b3 Bf5 22. Qd4 Na3+ 23. Kb2 Nxc2 24. Qh4 Re2 25. Rd2 Rxd2 26. Nxd2 Qa6 27. a4 Qe2 28. Qf4 Ne1 29. Ka3 Nd3 30. Qg5 Nxf2 31. Rf1 Ne4 32. Nxe4 Qxe4 33. Rf4 Qe6 34. g4 Be4 35. Rf6 Qe7+ 36. Kb2 Re8 37. Qf4 Qe5 38. Qf2 Bf5 39. Qh4 Qe2+ 40. Ka3 Qe7+ 41. Kb2 Kg7 42. g5 Qe4 43. Qg3 a5 44. Ka3 Qb1 45. Rxf7+ Kxf7 46. Qc7+ Re7 47. Qxa5 Qa1+ 48. Kb4 Re4+ 49. Kb5 Qf1+ 50. c4 dxc4 51. Qc7+ Re7 52. Qd6 cxb3+ 53. Kb4 Qe1+ 54. Ka3 Qe5 0-1

[Event "Montreal Mercredi 04"]
[Site "Montreal CAN"]
[Date "2011.04.06"]
[Round "3"]
[White "Luo, Zhao Yang"]
[Black "Rondon, Luciano"]
[Result "1/2-1/2"]
[WhiteElo "1913"]
[BlackElo "1869"]
[PlyCount "72"]
[GameId "2160767909778949"]
[EventDate "2011.04.06"]
[EventType "tourn"]
[EventRounds "5"]
[EventCountry "CAN"]
[SourceTitle "EXT 2013"]
[Source "ChessBase"]
[SourceDate "2012.11.22"]
[SourceVersion "1"]
[SourceVersionDate "2012.11.22"]
[SourceQuality "1"]

1. d4 d5 2. Nf3 Nf6 3. c4 c6 4. Nc3 e6 5. Bg5 Be7 6. e3 O-O 7. Bd3 dxc4 8. Bxc4 b5 9. Bd3 Bb7 10. O-O h6 11. Bh4 Nbd7 12. Rc1 a6 13. Ne4 Nd5 14. Nd6 Qb8 15. Nxb7 Qxb7 16. e4 N5f6 17. Ne5 Rac8 18. Nxd7 Qxd7 19. Bxf6 Bxf6 20. e5 Bg5 21. Rc3 Rfd8 22. Be4 c5 23. Qf3 cxd4 24. Ra3 Qc7 25. Rxa6 Qxe5 26. Ra7 Rc7 27. Rxc7 Qxc7 28. Qb3 Qc4 29. Bd3 Qxb3 30. axb3 Rd5 31. f4 Bf6 32. Rc1 e5 33. fxe5 Bg5 34. Rc8+ Rd8 35. Rxd8+ Bxd8 36. Bxb5 Bc7 1/2-1/2

[Event "Montreal Mercredi 04"]
[Site "Montreal CAN"]
[Date "2011.04.06"]
[Round "3"]
[White "Nardone, Raul"]
[Black "Gates, Claude-Eric"]
[Result "0-1"]
[WhiteElo "1749"]
[BlackElo "1701"]
[PlyCount "60"]
[GameId "2160767909778950"]
[EventDate "2011.04.06"]
[EventType "tourn"]
[EventRounds "5"]
[EventCountry "CAN"]
[SourceTitle "EXT 2013"]
[Source "ChessBase"]
[SourceDate "2012.11.22"]
[SourceVersion "1"]
[SourceVersionDate "2012.11.22"]
[SourceQuality "1"]

1. d4 e6 2. e4 d5 3. Nc3 Bb4 4. Bd2 dxe4 5. Qg4 Nf6 6. Qxg7 Rg8 7. Qh6 Qxd4 8. O-O-O Bf8 9. Qh4 Rg4 10. Qh3 Rg6 11. Be3 Qe5 12. Be2 Bd7 13. Kb1 Bc6 14. g3 Nbd7 15. Bd4 Qa5 16. f4 O-O-O 17. Qf1 Be7 18. Nb5 Bxb5 19. Bxb5 a6 20. Bc4 b5 21. Be2 Nd5 22. Nh3 c5 23. Bg1 f5 24. Bh5 Rg7 25. Qe2 Bf6 26. c4 Nb4 27. b3 Nd3 28. Rxd3 exd3 29. Qxd3 Qe1+ 30. Qd1 Qe4+ 0-1

[Event "Montreal Mercredi 04"]
[Site "Montreal CAN"]
[Date "2011.04.06"]
[Round "3"]
[White "Plante, Michel"]
[Black "Sasseville, Jean"]
[Result "1-0"]
[WhiteElo "2094"]
[BlackElo "1967"]
[PlyCount "99"]
[GameId "2160767909778951"]
[EventDate "2011.04.06"]
[EventType "tourn"]
[EventRounds "5"]
[EventCountry "CAN"]
[SourceTitle "EXT 2013"]
[Source "ChessBase"]
[SourceDate "2012.11.22"]
[SourceVersion "1"]
[SourceVersionDate "2012.11.22"]
[SourceQuality "1"]

1. d4 f5 2. Bg5 g6 3. Nd2 Bg7 4. e4 fxe4 5. Nxe4 d5 6. Nc5 b6 7. Nb3 Nf6 8. Bd3 O-O 9. c3 Nc6 10. f4 Qd6 11. Ne2 Bg4 12. O-O Nd8 13. Qd2 Ne6 14. Rae1 Nh5 15. f5 Bxf5 16. Bxf5 Rxf5 17. Rxf5 gxf5 18. Nec1 Nhf4 19. Bxe7 Qxe7 20. Qxf4 Qf6 21. Qf3 c6 22. Nd3 Ng5 23. Qh5 Ne4 24. Rf1 Rf8 25. g4 Qg6 26. Rxf5 Rxf5 27. Qxf5 Qxf5 28. gxf5 Kf7 29. Ne5+ Kf6 30. Nxc6 a5 31. a4 Kxf5 32. Ne7+ Ke6 33. Nc8 Bf6 34. Na7 Nd6 35. Nc1 Bg5 36. Nd3 Kf5 37. Kf2 Nc4 38. Nb5 Be3+ 39. Ke2 Bg1 40. h3 Bh2 41. b3 Nd6 42. Nxd6+ Bxd6 43. Kf3 Bc7 44. Ne1 Bf4 45. Ng2 Bd2 46. Ne3+ Ke6 47. c4 dxc4 48. bxc4 Kd6 49. Ke4 Ke6 50. Nd5 1-0

[Event "Montreal Mercredi 04"]
[Site "Montreal CAN"]
[Date "2011.04.27"]
[Round "4"]
[White "Brassard, Sylvain"]
[Black "Cardin, Guillaume"]
[Result "0-1"]
[WhiteElo "1867"]
[BlackElo "1825"]
[PlyCount "48"]
[GameId "2160767909778952"]
[EventDate "2011.04.06"]
[EventType "tourn"]
[EventRounds "5"]
[EventCountry "CAN"]
[SourceTitle "EXT 2013"]
[Source "ChessBase"]
[SourceDate "2012.11.22"]
[SourceVersion "1"]
[SourceVersionDate "2012.11.22"]
[SourceQuality "1"]

1. b3 e5 2. Bb2 Nc6 3. e3 Nf6 4. Bb5 Bd6 5. Nf3 Qe7 6. c4 e4 7. Bxc6 dxc6 8. Nd4 O-O 9. d3 Rd8 10. dxe4 Bb4+ 11. Bc3 Bxc3+ 12. Nxc3 c5 13. Nd5 Nxd5 14. exd5 cxd4 15. Qxd4 Qb4+ 16. Ke2 c6 17. a3 Qxb3 18. Rhb1 Qc2+ 19. Kf1 cxd5 20. cxd5 b6 21. Rc1 Ba6+ 22. Kg1 Qd3 23. Qa4 Bb5 24. Qg4 Qxd5 0-1

[Event "Montreal Mercredi 04"]
[Site "Montreal CAN"]
[Date "2011.04.27"]
[Round "4"]
[White "Gauthier, Denis"]
[Black "Sasseville, Jean"]
[Result "1-0"]
[WhiteElo "2076"]
[BlackElo "1967"]
[PlyCount "107"]
[GameId "2160767909778955"]
[EventDate "2011.04.06"]
[EventType "tourn"]
[EventRounds "5"]
[EventCountry "CAN"]
[SourceTitle "EXT 2013"]
[Source "ChessBase"]
[SourceDate "2012.11.22"]
[SourceVersion "1"]
[SourceVersionDate "2012.11.22"]
[SourceQuality "1"]

1. d4 f5 2. Nc3 Nf6 3. Bg5 d5 4. Bxf6 exf6 5. e3 Be6 6. h4 Nc6 7. Nh3 Qd7 8. Nf4 Bf7 9. Bb5 a6 10. Ba4 Rd8 11. Qd3 b5 12. Bb3 Ne7 13. h5 c6 14. a4 Nc8 15. Nce2 Nd6 16. f3 Rg8 17. O-O-O Be7 18. Ng3 Kf8 19. Rhe1 Re8 20. e4 fxe4 21. fxe4 Qg4 22. Rf1 Nxe4 23. Nxe4 dxe4 24. Qxe4 Bd6 25. Ng6+ Qxg6 26. Qxe8+ Bxe8 27. hxg6 Rh8 28. gxh7 Rxh7 29. Rh1 Rxh1 30. Rxh1 Bf4+ 31. Kd1 Ke7 32. Re1+ Kd7 33. Be6+ Kd6 34. axb5 axb5 35. g4 c5 36. Bf5 Bc6 37. Be4 cxd4 38. Bxc6 Kxc6 39. Re7 Bh6 40. Ke2 Kd6 41. Re8 Bf4 42. Kd3 Be5 43. Rg8 g5 44. Rd8+ Kc5 45. Rc8+ Kd5 46. b3 Kd6 47. Ke4 Kd7 48. Rc5 b4 49. Rc4 Bd6 50. Rxd4 Ke6 51. Rc4 Be7 52. Rc6+ Kf7 53. Kf5 Bd8 54. c4 1-0

[Event "Montreal Mercredi 04"]
[Site "Montreal CAN"]
[Date "2011.04.27"]
[Round "4"]
[White "Giroux, Robert"]
[Black "Lopez Linares, Lizandro"]
[Result "0-1"]
[WhiteElo "1955"]
[BlackElo "1892"]
[PlyCount "78"]
[GameId "2160767909778956"]
[EventDate "2011.04.06"]
[EventType "tourn"]
[EventRounds "5"]
[EventCountry "CAN"]
[SourceTitle "EXT 2013"]
[Source "ChessBase"]
[SourceDate "2012.11.22"]
[SourceVersion "1"]
[SourceVersionDate "2012.11.22"]
[SourceQuality "1"]

1. d4 Nf6 2. Nf3 d5 3. c4 e6 4. g3 Be7 5. Bg2 O-O 6. O-O c6 7. b3 Nbd7 8. Qc2 b6 9. Rd1 Bb7 10. Nc3 Rc8 11. e4 Nxe4 12. Nxe4 dxe4 13. Qxe4 Bf6 14. Ba3 Re8 15. Ne5 Qc7 16. f4 Ba8 17. Qe2 c5 18. Nxd7 Qxd7 19. dxc5 Qc7 20. cxb6 Qxb6+ 21. c5 Qa5 22. Bb2 Qxc5+ 23. Kh1 Bxg2+ 24. Qxg2 Bxb2 25. Qxb2 Qc6+ 26. Kg1 h5 27. Rac1 Qe4 28. Qg2 Rxc1 29. Qxe4 Rxd1+ 30. Kf2 Rd2+ 31. Kf3 Red8 32. Ke3 Rxa2 33. h3 Rb8 34. f5 Rxb3+ 35. Kf4 Rf2+ 36. Ke5 Rxf5+ 37. Kd6 Rd5+ 38. Ke7 Rb7+ 39. Ke8 Rc7 0-1

[Event "Montreal Mercredi 04"]
[Site "Montreal CAN"]
[Date "2011.04.27"]
[Round "4"]
[White "Luo, Zhao Yang"]
[Black "Lalonde, Paul"]
[Result "1/2-1/2"]
[WhiteElo "1913"]
[BlackElo "1910"]
[PlyCount "35"]
[GameId "2160767909778958"]
[EventDate "2011.04.06"]
[EventType "tourn"]
[EventRounds "5"]
[EventCountry "CAN"]
[SourceTitle "EXT 2013"]
[Source "ChessBase"]
[SourceDate "2012.11.22"]
[SourceVersion "1"]
[SourceVersionDate "2012.11.22"]
[SourceQuality "1"]

1. d4 Nf6 2. Nf3 b6 3. c4 e6 4. Bg5 Be7 5. Nc3 Bb7 6. e3 Ne4 7. Bxe7 Qxe7 8. Qc2 f5 9. Bd3 Nxc3 10. Qxc3 O-O 11. h4 d6 12. h5 Nd7 13. Nh4 Qg5 14. O-O-O e5 15. c5 exd4 16. Bc4+ d5 17. Rxd4 c6 18. Rh3 1/2-1/2

[Event "Montreal Mercredi 04"]
[Site "Montreal CAN"]
[Date "2011.04.27"]
[Round "4"]
[White "Nardone, Raul"]
[Black "Khudaverdian, Berj"]
[Result "1-0"]
[WhiteElo "1749"]
[BlackElo "1827"]
[PlyCount "99"]
[GameId "2160767909778959"]
[EventDate "2011.04.06"]
[EventType "tourn"]
[EventRounds "5"]
[EventCountry "CAN"]
[SourceTitle "EXT 2013"]
[Source "ChessBase"]
[SourceDate "2012.11.22"]
[SourceVersion "1"]
[SourceVersionDate "2012.11.22"]
[SourceQuality "1"]

1. c4 d6 2. d4 g6 3. Nc3 Bg7 4. e4 c6 5. Be3 a5 6. Qd2 Qc7 7. Be2 Nd7 8. h4 h5 9. Nh3 a4 10. f4 Nh6 11. f5 Nf6 12. fxg6 fxg6 13. O-O-O Nhg4 14. Bg5 a3 15. b3 Qa5 16. Rhf1 O-O 17. Nf4 Kh7 18. Bd3 e5 19. Nfe2 Be6 20. Qc2 Rfc8 21. Bd2 Qa7 22. dxe5 dxe5 23. c5 Qxc5 24. Na4 Qxc2+ 25. Kxc2 Rxa4 26. bxa4 Ra8 27. a5 c5 28. Kb1 c4 29. Bc2 Bh6 30. Bxh6 Kxh6 31. Rd6 Bg8 32. Rfxf6 Nxf6 33. Rxf6 Rxa5 34. Rb6 Ra7 35. Nc3 Kg7 36. Nb5 Ra5 37. Rxb7+ Kf6 38. Rb6+ Kg7 39. Nc3 Bf7 40. Rb5 Ra7 41. Rxe5 Kf6 42. Rb5 Be8 43. e5+ Kg7 44. Rb6 Ra5 45. Rb7+ Kf8 46. e6 Re5 47. Rb8 Re1+ 48. Bd1 Rxe6 49. Ba4 Re1+ 50. Kc2 1-0

[Event "Montreal Mercredi 04"]
[Site "Montreal CAN"]
[Date "2011.04.27"]
[Round "4"]
[White "Rondon, Luciano"]
[Black "Morin, Louis"]
[Result "1/2-1/2"]
[WhiteElo "1869"]
[BlackElo "1886"]
[PlyCount "44"]
[GameId "2160767909778960"]
[EventDate "2011.04.06"]
[EventType "tourn"]
[EventRounds "5"]
[EventCountry "CAN"]
[SourceTitle "EXT 2013"]
[Source "ChessBase"]
[SourceDate "2012.11.22"]
[SourceVersion "1"]
[SourceVersionDate "2012.11.22"]
[SourceQuality "1"]

1. d4 e5 2. dxe5 Nc6 3. Nf3 Qe7 4. g3 Nxe5 5. Nbd2 d5 6. Nxe5 Qxe5 7. Nf3 Qh5 8. Bg2 c6 9. Qd4 Be7 10. Bd2 Nf6 11. Bb4 Qg4 12. Bxe7 Qxd4 13. Nxd4 Kxe7 14. O-O-O Re8 15. c3 Kf8 16. Bf3 Bg4 17. Rde1 Bxf3 18. Nxf3 c5 19. e3 Ng4 20. Re2 Ne5 21. Nxe5 Rxe5 22. Rd1 Rd8 1/2-1/2

[Event "Montreal Mercredi 04"]
[Site "Montreal CAN"]
[Date "2011.04.27"]
[Round "4"]
[White "Soskic, Radmilo"]
[Black "He, Shao Hang"]
[Result "1-0"]
[WhiteElo "1741"]
[BlackElo "1603"]
[PlyCount "61"]
[GameId "2160767909778961"]
[EventDate "2011.04.06"]
[EventType "tourn"]
[EventRounds "5"]
[EventCountry "CAN"]
[SourceTitle "EXT 2013"]
[Source "ChessBase"]
[SourceDate "2012.11.22"]
[SourceVersion "1"]
[SourceVersionDate "2012.11.22"]
[SourceQuality "1"]

1. d4 Nf6 2. c4 e6 3. Nc3 d5 4. Nf3 c6 5. e3 Nbd7 6. Bd3 dxc4 7. Bxc4 b5 8. Bd3 Bb7 9. O-O a6 10. e4 c5 11. Bg5 Qb6 12. dxc5 Bxc5 13. h3 O-O 14. Qe2 Rac8 15. Rac1 Rfe8 16. e5 Nd5 17. Ne4 Bf8 18. Bd2 Nc5 19. Nxc5 Bxc5 20. Bxh7+ Kxh7 21. Ng5+ Kg8 22. Qh5 Rc7 23. Qh7+ Kf8 24. Qh8+ Ke7 25. Qxg7 Rf8 26. Nh7 Rfc8 27. Bg5+ Ke8 28. Qg8+ Kd7 29. Qxf7+ Be7 30. Bxe7 Nxe7 31. Nf6+ 1-0

[Event "Montreal Mercredi 04"]
[Site "Montreal CAN"]
[Date "2011.05.04"]
[Round "5"]
[White "Cardin, Guillaume"]
[Black "Nardone, Raul"]
[Result "1-0"]
[WhiteElo "1825"]
[BlackElo "1749"]
[PlyCount "55"]
[GameId "2160767909778962"]
[EventDate "2011.04.06"]
[EventType "tourn"]
[EventRounds "5"]
[EventCountry "CAN"]
[SourceTitle "EXT 2013"]
[Source "ChessBase"]
[SourceDate "2012.11.22"]
[SourceVersion "1"]
[SourceVersionDate "2012.11.22"]
[SourceQuality "1"]

1. e4 c5 2. Nf3 Nc6 3. d4 cxd4 4. Nxd4 Nf6 5. Nc3 d6 6. Bg5 e6 7. f4 h6 8. Bh4 Be7 9. Nb3 a6 10. Qf3 g5 11. fxg5 Ne5 12. Qe2 Nh7 13. O-O-O hxg5 14. Bg3 Qc7 15. a4 Bd7 16. Qf2 Rc8 17. Be2 Bxa4 18. Bxe5 dxe5 19. Bh5 Nf6 20. Bxf7+ Kxf7 21. Nxa4 Rh4 22. Nc3 Rf4 23. Qe2 Bb4 24. g3 Rg4 25. Rd3 Bxc3 26. Rxc3 Qd8 27. Rxc8 Qxc8 28. Rf1 1-0

[Event "Montreal Mercredi 04"]
[Site "Montreal CAN"]
[Date "2011.05.04"]
[Round "5"]
[White "Dumont, Felix"]
[Black "Gauthier, Denis"]
[Result "1-0"]
[WhiteElo "1996"]
[BlackElo "2076"]
[PlyCount "61"]
[GameId "2160767909778963"]
[EventDate "2011.04.06"]
[EventType "tourn"]
[EventRounds "5"]
[EventCountry "CAN"]
[SourceTitle "EXT 2013"]
[Source "ChessBase"]
[SourceDate "2012.11.22"]
[SourceVersion "1"]
[SourceVersionDate "2012.11.22"]
[SourceQuality "1"]

1. e4 c5 2. Nf3 Nc6 3. c4 e6 4. Nc3 Nf6 5. d4 cxd4 6. Nxd4 Qc7 7. Be3 a6 8. Be2 Bb4 9. Nxc6 bxc6 10. O-O O-O 11. Na4 Bd6 12. f4 Nxe4 13. c5 Be7 14. Bd3 Nf6 15. Qc2 g6 16. Nb6 Rb8 17. Nxc8 Qxc8 18. f5 Nd5 19. Bh6 exf5 20. Bxf5 Bf6 21. Bxf8 Rxb2 22. Qd3 Qxf8 23. Bxd7 Qxc5+ 24. Kh1 Rb7 25. Rac1 Bc3 26. Qxa6 Rc7 27. Qa8+ Kg7 28. Qe8 Nf6 29. Rxf6 Rxd7 30. Qxd7 Kxf6 31. Qd3 1-0